Martin Zet : s Čechy jsem skončil = I'm done with the Czechs /

Hlavní autor: Zet, Martin, 1959-
Další autoři: Hédlová, Luba, 1977-, Klímová, Barbora, 1977-, Lehmannová, Martina, 1978-, Staňková, Hana, 1961-, Velínská, Lenka
Jazyk: Čeština
Angličtina
Vydáno: Lidice : Památník Lidice, 2019
Vydání: Vydání první
Témata:
Fyzický popis: 107 stran : barevné ilustrace ; 29 cm
Language note: Souběžný anglický text
Knihy
Uloženo v:
LEADER 02370nam a2200589 i 4500
001 nkc20193073023
003 CZ PrNK
005 20190530083011.0
007 ta
008 190128s2019 xr a e c 000 0 cze
020 |a 978-80-907150-3-5  |q (brožováno)  |z 978-80-906960-1-3 
040 |a OLA001  |b cze  |e rda 
041 1 |a cze  |a eng  |h cze 
043 |a e-xr--- 
045 |a x-y- 
072 7 |a 72/76  |x Výtvarné umění  |2 Konspekt  |9 21 
080 |a 72/76(437.3)  |2 MRF 
080 |a 72/76:159.931  |2 MRF 
080 |a (437.3)  |2 MRF 
080 |a (083.824)  |2 MRF 
100 1 |a Zet, Martin,  |d 1959-  |7 jn20020217008  |4 art  |4 aut  |4 trl 
245 1 0 |a Martin Zet :  |b s Čechy jsem skončil = I'm done with the Czechs /  |c texty: Luba Hédlová, Barbora Klímová, Martina Lehmannová, Martin Zet ; překlad: Hana Staňková, Lenka Velinská, Martin Zet 
246 3 |a S Čechy jsem skončil - Martin Zet 
246 3 |a I'm done with the Czechs - Martin Zet 
250 |a Vydání první 
264 1 |a Lidice :  |b Památník Lidice,  |c 2019 
300 |a 107 stran :  |b barevné ilustrace ;  |c 29 cm 
336 |a text  |b txt  |2 rdacontent 
336 |a statický obraz  |b sti  |2 rdacontent 
337 |a bez média  |b n  |2 rdamedia 
338 |a svazek  |b nc  |2 rdacarrier 
500 |a Vydáno ke stejnojmenné výstavě 
504 |a Obsahuje bibliografické odkazy 
546 |a Souběžný anglický text 
600 1 7 |a Zet, Martin,  |d 1959-  |7 jn20020217008  |2 czenas 
648 7 |a 20.-21. století  |7 ch462155  |2 czenas 
650 0 7 |a české výtvarné umění  |7 ph116865  |y 20.-21. století  |2 czenas 
650 0 7 |a vizuální umění  |7 ph220318  |z Česko  |y 20.-21. století  |2 czenas 
650 0 9 |a Czech art  |y 20th-21st centuries  |2 eczenas 
650 0 9 |a visual art  |z Czechia  |y 20th-21st centuries  |2 eczenas 
655 7 |a katalogy výstav  |7 fd132536  |2 czenas 
655 9 |a exhibition catalogs  |2 eczenas 
700 1 |a Hédlová, Luba,  |d 1977-  |7 hka2010554602  |4 aut 
700 1 |a Klímová, Barbora,  |d 1977-  |7 mzk2002105195  |4 aut 
700 1 |a Lehmannová, Martina,  |d 1978-  |7 mzk2006324342  |4 aut 
700 1 |a Staňková, Hana,  |d 1961-  |7 ola20181001621  |4 trl 
700 1 |a Velínská, Lenka  |7 ola2005262833  |4 trl 
910 2 |a BOA001  |b 4-1428.219 
990 |a BK 
995 |a 11 
991 |b 201904  |c NOV 
996 6 |b 2610779583  |c 4-1428.219  |l MZK  |r Sklad / do 1 hodiny  |n 0  |p p.v.  |w 001719950  |u 000010  |a 1  |e BOA001  |j MZK50  |s P